সুন্নাতী জীবন / (Record no. 76864)
[ view plain ]
| 000 -LEADER | |
|---|---|
| fixed length control field | 00977nam a2200253 4500 |
| 001 - CONTROL NUMBER | |
| control field | 76864 |
| 003 - CONTROL NUMBER IDENTIFIER | |
| rucl marc code | BD-RjUL |
| 005 - DATE AND TIME OF LATEST TRANSACTION | |
| control field | 20211209082910.0 |
| 008 - FIXED-LENGTH DATA ELEMENTS--GENERAL INFORMATION | |
| fixed length control field | 200128s2018 bg ||||| |||| 00| 0|ben d |
| 020 ## - INTERNATIONAL STANDARD BOOK NUMBER | |
| International Standard Book Number | 9789843439734 |
| Terms of availability | : Tk. 450.00 |
| 035 ## - SYSTEM CONTROL NUMBER | |
| System control number | (BD-RjUL)77081 |
| 040 ## - CATALOGING SOURCE | |
| Original cataloging agency | BD-RjUL |
| Language of cataloging | ben/eng |
| Transcribing agency | BD-RjUL |
| 041 ## - LANGUAGE CODE | |
| Language code of text/sound track or separate title | ben |
| 082 ## - DEWEY DECIMAL CLASSIFICATION NUMBER | |
| Edition number | 23 |
| Classification number | 297.5 |
| Author mark and year | SAS 2018 |
| 100 1# - MAIN ENTRY--PERSONAL NAME | |
| Personal name | ছালাম, এস. এম. আব্দুছ |
| 9 (RLIN) | 238511 |
| 245 10 - TITLE STATEMENT | |
| Title | সুন্নাতী জীবন / |
| Statement of responsibility, etc. | এস. এম. আব্দুছ ছালাম |
| 250 ## - EDITION STATEMENT | |
| Edition statement | ১ম সং |
| 260 ## - PUBLICATION, DISTRIBUTION, ETC. (IMPRINT) | |
| Place of publication, distribution, etc. | রাজশাহী: |
| Name of publisher, distributor, etc. | ছালেহা পাবলিকেশন্স, |
| Date of publication, distribution, etc. | ২০১৮ |
| 300 ## - PHYSICAL DESCRIPTION | |
| Pagination | ৭৮৪ পৃ. ; |
| Size | ২২ সেমি. |
| 504 ## - BIBLIOGRAPHY, ETC. NOTE | |
| Bibliography, etc | গ্রন্থপঞ্জি: পৃ. ৩১৬-৩১৯ |
| 650 ## - SUBJECT ADDED ENTRY--TOPICAL TERM | |
| Topical term or geographic name as entry element | জীবন |
| General subdivision | ধর্মীয় দিক |
| -- | ইসলাম |
| 9 (RLIN) | 238512 |
| Topical term or geographic name as entry element | Life |
| General subdivision | Religious aspects |
| -- | Islam |
| 9 (RLIN) | 238513 |
| 942 ## - ADDED ENTRY ELEMENTS (KOHA) | |
| Source of classification or shelving scheme | Dewey Decimal Classification |
| Koha item type | Books |
| Lost status | Source of classification or shelving scheme | Damaged status | Not for loan | Collection code | Permanent Location | Current Location | Shelving location | Date acquired | Source of acquisition | Cost, normal purchase price | Total Checkouts | Full call number | Date last seen | Copy number | Koha item type | Date checked out |
|---|---|---|---|---|---|---|---|---|---|---|---|---|---|---|---|---|
| Dewey Decimal Classification | Not For Loan | Non-fiction | Central Library, University of Rajshahi | Central Library, University of Rajshahi | Reading Room | 23/01/2020 | The Author, Dept. of Arabic, RU | 450.00 | B 297.5 SAS 2018 | 28/01/2020 | C-1 | Books | ||||
| Dewey Decimal Classification | Non-fiction | Central Library, University of Rajshahi | Central Library, University of Rajshahi | 23/01/2020 | The Author, Dept. of Arabic, RU | 450.00 | 2 | B 297.5 SAS 2018 | 29/03/2026 | C-2 | Books | 26/02/2026 | ||||
| Dewey Decimal Classification | Non-fiction | Central Library, University of Rajshahi | Central Library, University of Rajshahi | 23/01/2020 | The Author, Dept. of Arabic, RU | 450.00 | B 297.5 SAS 2018 | 28/01/2020 | C-3 | Books | ||||||
| Dewey Decimal Classification | Non-fiction | Central Library, University of Rajshahi | Central Library, University of Rajshahi | 23/01/2020 | The Author, Dept. of Arabic, RU | 450.00 | B 297.5 SAS 2018 | 28/01/2020 | C-4 | Books | ||||||
| Dewey Decimal Classification | Non-fiction | Central Library, University of Rajshahi | Central Library, University of Rajshahi | 23/01/2020 | The Author, Dept. of Arabic, RU | 450.00 | 7 | B 297.5 SAS 2018 | 30/06/2024 | C-5 | Books | 29/05/2024 |